000 00471nam a2200181Ia 4500
003 OSt
005 20230602114056.0
008 210423s2003 xx 000 0 und d
040 _cAL
041 _aeng
082 _a374
_223
_bSISG
100 _aSISODIA (Yathindra Singh).
_9118861
245 _aGirls literacy in rural india.
260 _aJaipur
_bRawat Publications
_c2003
365 _b475
_cINR
906 _aGirls ; india. ; literacy ; rural
942 _2ddc
_cBK
999 _c174776
_d174776